تحميل...

Wuthering heights

التفاصيل البيبلوغرافية
المؤلف الرئيسي: Bronte, Emily
التنسيق: Printed Book
اللغة:English
منشور في: Madras : Emerald, 1993.
LEADER 00615nam a22001457a 4500
008 150723b xxu||||| |||| 00| 0 eng d
100 |a Bronte, Emily 
245 |a Wuthering heights 
260 |a Madras :  |b Emerald,  |c 1993. 
300 |a 176p. 
500 |a Abridged edition by Ajith Kumar 
942 |c BK 
999 |c 190689  |d 190689 
952 |0 0  |1 0  |4 0  |6 823_800000000000000_BRO_W  |7 0  |9 210278  |a ENG  |b ENG  |c ST1  |d 2017-05-05  |i 3427  |l 0  |o 823.8 BRO/W  |p ENG3427  |r 2019-07-15  |w 2018-08-21  |y BK 
952 |0 0  |1 0  |4 0  |6 823_800000000000000_BRO_W  |7 0  |9 210279  |a ENG  |b ENG  |c ST1  |d 2015-11-11  |i 14249  |l 2  |o 823.8 BRO/W  |p ENG14249  |r 2019-11-12  |s 2019-07-09  |w 2015-11-11  |y BK